000
00312nam a22001337a 4500
020
_a
9789695731963
040
_c
NUST
082
_a
641.57
_b
ZAK
100
_a
Zakir Qureshi
_9
81010
245
_a
Mughlai Khanay
260
_a
LAHORE;
_b
Jahangir Book Depot,
_c
2010
650
_a
Cooking
_9
81580
942
_2
ddc
_c
BK
999
_c
585960
_d
585960